[Event "Final Kubka SZFO, tournament A"]
[Site "?"]
[Date "2016.12.13"]
[Round "5"]
[White "Moiseenko, Vadim"]
[Black "Levin, Evgeny A."]
[Result "1-0"]
[WhiteElo "2530"]
[BlackElo "2514"]
[PlyCount "57"]
[EventDate "2016.12.13"]
[SourceDate "2016.12.13"]

1. d4 Nf6 2. Bf4 e6 3. e3 b6 4. Qf3 d5 5. Nc3 Be7 6. g4 O-O 7. g5 Ne8 8. h4 Ba6
9. Bh3 c5 10. Nge2 b5 11. O-O-O b4 12. Na4 Qa5 13. b3 Bb5 14. h5 Qa6 15. Rde1
Nd7 16. g6 Ndf6 17. Ng3 Rc8 18. e4 cxd4 19. gxf7+ Rxf7 20. exd5 Bd3 21. Rxe6
Rxc2+ 22. Kd1 Qb5 23. Bf5 Bxf5 24. Nxf5 Rxf2 25. Nxe7+ Rxe7 26. Qxf2 Ng4 27.
Qe2 Qxd5 28. Rxe7 Qxh1+ 29. Kd2 1-0

[Event "Final Kubka SZFO, tournament A"]
[Site "?"]
[Date "2016.12.13"]
[Round "5"]
[White "Volodin, Aleksandr"]
[Black "Sharafiev, Azat"]
[Result "1-0"]
[WhiteElo "2462"]
[BlackElo "2418"]
[PlyCount "43"]
[EventDate "2016.12.13"]
[SourceDate "2016.12.13"]

1. d4 d5 2. c4 dxc4 3. Nf3 a6 4. a4 Nf6 5. e3 e6 6. Bxc4 c5 7. O-O Nc6 8. Nc3
cxd4 9. exd4 Be7 10. Re1 O-O 11. Bf4 Nd5 12. Bg3 Ncb4 13. Ne5 Bd7 14. Qb3 Bc6
15. a5 Rc8 16. h3 Be8 17. Bxd5 exd5 18. Nf3 Bd6 19. Qa3 Rc4 20. Bxd6 Qxd6 21.
Na2 b6 22. b3 1-0

[Event "Final Kubka SZFO, tournament A"]
[Site "?"]
[Date "2016.12.13"]
[Round "5"]
[White "Esipenko, Andrey"]
[Black "Lintchevski, Daniil"]
[Result "1/2-1/2"]
[WhiteElo "2492"]
[BlackElo "2518"]
[PlyCount "88"]
[EventDate "2016.12.13"]
[SourceDate "2016.12.13"]

1. Nf3 c5 2. g3 g6 3. Bg2 Bg7 4. O-O Nc6 5. c4 e6 6. Nc3 Nge7 7. d3 O-O 8. Bd2
b6 9. a3 Bb7 10. Rb1 d6 11. b4 Qd7 12. Qc1 Nd4 13. Nh4 Bxg2 14. Kxg2 Rac8 15.
bxc5 Rxc5 16. e3 Ndf5 17. Nxf5 Nxf5 18. Ne4 Rc6 19. Bc3 e5 20. Qd1 d5 21. cxd5
Qxd5 22. Bb4 Rfc8 23. Qb3 Qxb3 24. Rxb3 h5 25. h3 Nh6 26. Rd1 f5 27. Ng5 Nf7
28. Nf3 Rd8 29. Rbb1 Bf6 30. d4 e4 31. Ng1 Rc2 32. h4 Nh6 33. Rbc1 Rdc8 34. Ne2
Ng4 35. Rxc2 Rxc2 36. Rd2 Rxd2 37. Bxd2 Be7 38. Bb4 Bxb4 39. axb4 a5 40. bxa5
bxa5 41. Nc3 Kf7 42. Kf1 Ke6 43. Ke2 Nh2 44. Ke1 Ng4 1/2-1/2

[Event "Final Kubka SZFO, tournament A"]
[Site "?"]
[Date "2016.12.13"]
[Round "5"]
[White "Sipila, Vilka"]
[Black "Shevchenko, Kirill"]
[Result "0-1"]
[WhiteElo "2424"]
[BlackElo "2439"]
[PlyCount "90"]
[EventDate "2016.12.13"]
[SourceDate "2016.12.13"]

1. e4 c5 2. Nf3 d6 3. d4 cxd4 4. Nxd4 Nf6 5. Nc3 a6 6. Be3 e5 7. Nb3 Be6 8. h3
Be7 9. f4 exf4 10. Bxf4 g6 11. Be2 Nc6 12. Qd2 d5 13. O-O-O Bb4 14. Bf3 dxe4
15. Qe3 Qc8 16. Bh6 exf3 17. Bg7 fxg2 18. Rhe1 Nh5 19. Bxh8 Kf8 20. h4 Kg8 21.
Bd4 Bxb3 22. axb3 Nxd4 23. Qxd4 Bc5 24. Qe4 g1=R 25. Rxg1 Bxg1 26. Rxg1 Qe8 27.
Qf3 Qe7 28. Kb1 Nf6 29. h5 Rd8 30. h6 b5 31. b4 Qe6 32. Ka1 Rc8 33. Rf1 Ng4 34.
Qf4 f5 35. Rd1 Qe5 36. Qd2 Ne3 37. Qd7 Re8 38. Rd2 Qe7 39. Qc6 Qe6 40. Rd6 Qf7
41. Rd7 Nxc2+ 42. Kb1 Nxb4 43. Qc5 Re1+ 44. Nd1 Qxd7 45. Qb6 Rxd1# 0-1

[Event "Final Kubka SZFO, tournament A"]
[Site "?"]
[Date "2016.12.13"]
[Round "5"]
[White "Gazik, Viktor"]
[Black "Rudenko, Naum"]
[Result "1-0"]
[WhiteElo "2418"]
[BlackElo "2337"]
[PlyCount "119"]
[EventDate "2016.12.13"]
[SourceDate "2016.12.13"]

1. d4 d5 2. Nf3 Nf6 3. e3 e6 4. Bd3 c5 5. b3 Nc6 6. O-O b6 7. Bb2 Bb7 8. Nbd2
Bd6 9. Ne5 cxd4 10. exd4 O-O 11. f4 Ne7 12. Qe2 Rc8 13. Rf3 Bb8 14. Rh3 h6 15.
g4 Ne4 16. Nxe4 dxe4 17. Bxe4 Bxe4 18. Qxe4 f6 19. Nc4 Qd5 20. Re3 Kf7 21. Ba3
Rfd8 22. Bxe7 Kxe7 23. Qxd5 Rxd5 24. Re4 Kf7 25. Ne3 Ra5 26. f5 e5 27. d5 Bd6
28. Kf1 Rc3 29. a4 Rac5 30. Ke1 Ke7 31. Kd2 a5 32. Rd1 Rc7 33. Nc4 Rh3 34. Re2
Bb4+ 35. Kc1 Rxc4 36. bxc4 Ra3 37. Kb2 Rxa4 38. c3 Bc5 39. Re4 Kd6 40. Ra1 Rxa1
41. Kxa1 b5 42. cxb5 Kxd5 43. Ra4 Bb6 44. Kb2 Kc5 45. c4 Kd4 46. Kc2 Ke3 47. c5
Bxc5 48. Rxa5 Kf3 49. h3 Kg3 50. Kd3 Kxh3 51. Ra4 Kg3 52. Ke4 Bb6 53. Ra6 Bd8
54. Rd6 Ba5 55. b6 Kxg4 56. b7 Bc7 57. Rd7 Bb8 58. Rxg7+ Kh4 59. Rg6 h5 60.
Rxf6 1-0